000 00526nam a22001577a 4500
003 PILC
005 20160525094956.0
008 160525b xxu||||| |||| 00| 0 eng d
020 _a9781680941043
050 _aK 564.C6
_b.L41 2015
245 _aLaw of the internet and information technology /
_ceditors Darren Samuels and Thomas Roshenow.
260 _aNew York :
_bArcler Press,
_c2015.
300 _axi, 297 pages :
_billustrations ;
_c24 cm.
500 _aIncludes bibliographical references and index.
942 _2lcc
_cBK
999 _c294975
_d294975